| 000 | 00345nam a22001457a 4500 | ||
|---|---|---|---|
| 999 |
_c9248 _d9248 |
||
| 003 | OSt | ||
| 008 | 201119b ||||| |||| 00| 0 eng d | ||
| 020 | _a9788122419054 | ||
| 100 | _aSrivastava, P. K. | ||
| 245 | _aMechanics | ||
| 250 | _a2nd ed | ||
| 260 |
_aNew Delhi _bNew Age Publishers _c2007 |
||
| 650 | _aB.Sc Non Medical | ||
| 942 |
_2ddc _cBK |
||